| 000 | 00364nam a2200169Ia 4500 | ||
|---|---|---|---|
| 100 | _aHitomi/Katsundo | ||
| 650 | _aMANUFACTURING | ||
| 250 | _a2 | ||
| 942 | _cBK | ||
| 366 | _f25 | ||
| 245 | _aManufacturing system engineering | ||
| 260 |
_bTaylor and francis _c1996 |
||
| 082 |
_a658.5 _bHIT |
||
| 300 | _a536 | ||
| 546 |
_aENGLISH _cInfo.Tech |
||
| 999 |
_c32454 _d32454 |
||